01199nam a2200277 a 450000100100000000500170001000800410002702000150006804000250008304100380010808200150014610000310016124000640019224501750025626000660043130000210049753400740051850000600059250000320065270000310068470000270071570000400074204900090078295201130079199900170090400002587020200930024119.0110217s1976 sp r 000 | spa d a8427706332 aDO-SdBNPbspacBNPHU aspaheng2Código de idioma MARC axxxbH572c1 aHersh, Richard H. ,952717 0aPromoting moral growth : from Piaget to KohlberglEspañol13aEl crecimiento moral :bde Piaget a Kohlberg /cRichard H. Hersh, Diana P. Paolitto, Joseph Reimer; traducción Carmen Fernández Aguinaco; prólogo Lawrence Kohlberg. aLa Habana :bUnión de Escritores y Artistas de Cuba,c1976. a192 p. ;c24 cm. aTítulo original :tPromoting moral growth : from Piaget to Kohlberg aIncluye referencia bibliográficas al pie de páginas aBibliografía : p. 185-1881 aPaolitto, Diana P.,9527181 aReimer, Joseph,9527191 aKohlberg, Lawrence,epról.952720 aBNGR 001050718MOaGRbGRcCTd2011-02-23iLF1l0oxxx H572cp25870-10r2020-06-25w2020-06-25y1ZNo se presta c25362d25362